000
00230nam a2200097Ia 4500
001
711480
005
20250826162809.0
008
250824s9999 xx 000 0 und d
245
0
_a
TÜRKAN
_c
AYŞE KULİN
260
_b
EVEREST YAYINLARI
999
_c
711480
_d
711480